000 00561 a2200205 4500
003 Nust
005 20170207153551.0
010 _a 94031184
020 _a0534944469 (acid-free) :
020 _a0534944493 (instructor's manual)
040 _cNust
082 0 0 _a510
100 1 _aEpp, Susanna S.
245 1 0 _aDiscrete mathematics with applications /
_cSusanna S. Epp.
250 _a2nd ed.
260 _aBoston :
_bPWS Pub. Co.,
_cc1995.
300 _axvii, 801, 12 p. :
_bill. ;
_c27 cm.
538 _aAlmirah No. 10 and Shelf No. 3
650 0 _aMathematics.
942 _2ddc
_cBK
999 _c188875
_d188875